65 rokov vysokoškolského ekonomického vzdelávania na Slovensku

November 2005 - medzinárodná konferencia na Ekonomickej univerzite v Bratislave pri príležitosti osláv 65. výročia vzniku Ekonomickej univerzity v Bratislave. Cieľom konferencie bolo prezentovať vývoj ekonomickej teórie a vzdelávacieho procesu v európskom výskumnom a vzdelávacom priestore a analýzy...

Descrizione completa

Salvato in:
Dettagli Bibliografici
Autore principale: Goga, Marián
Altri autori: Kafková, Eva
Natura: Capitolo di libro
Lingua:slovacco
Soggetti:
Tags: Aggiungi Tag
Nessun Tag, puoi essere il primo ad aggiungerne!!

MARC

LEADER 00000naa$a2200000$$$4500
001 0037988
005 20240502071457.8
041 0 |a slo 
044 |a SK 
245 1 0 |a 65 rokov vysokoškolského ekonomického vzdelávania na Slovensku  |c Marián Goga, Eva Kafková 
520 |a November 2005 - medzinárodná konferencia na Ekonomickej univerzite v Bratislave pri príležitosti osláv 65. výročia vzniku Ekonomickej univerzity v Bratislave. Cieľom konferencie bolo prezentovať vývoj ekonomickej teórie a vzdelávacieho procesu v európskom výskumnom a vzdelávacom priestore a analýzy procesov, ktoré sa uskutočňujú v podmienkach ekonomickej globalizácie. 
610 2 0 |a vzdelávanie vysokoškolské 
610 2 0 |a ekonómia 
610 2 0 |a výskum 
610 2 0 |a globalizácia 
610 2 0 |a konferencie 
610 2 0 |a 2005 
610 2 0 |a Ekonomická univerzita v Bratislave 
100 1 |a Goga, Marián 
700 1 |a Kafková, Eva